000 00695nam a2200205Ia 4500
003 GCL
008 140319s9999 xx 000 0 ara d
040 _aGCL /
_cGCL
082 0 4 _a229.5
_bع ق
100 1 _aعبدالوهاب النجار
245 1 0 _aقصص الانبياء :
_bلقد كان فى قصصهم عبرة لاولى الالباب /
_cعبدالوهاب النجار
260 _aالقاهرة :
_bمكتبة دار التراث ،
_c1985
300 _a558 ص ؛
_c24 سم
490 _a
650 0 4 _aالانبياء
650 0 4 _aقصص الانبياء
650 0 4 _aالانبياء فى القرأن
650 0 4 _aالقصص القرآنية
942 _2ddc
_cBK
999 _c28106
_d28106